000 00997cam a2200217 4500
001 WB3804-26
008 020130n2002 000 0 eng u
035 _a(Sirsi) u116547
245 _aSupply hike to hit prices
260 _c2002
490 _aEstates Gazette
_v(0204) 26 January 2002, 62(1)
520 _a"Farmland Review 2002" recently published by Strutt & Parker shows that farmland prices will come under greater pressure as more land comes up for sale. Despite the foot and mouth crisis and several years of falling income, farmland has held its value largely due to good residential demand from non-farming investors and the decrease in the amount of land coming to market because of foot and mouth.
590 _aWB
650 _aFARMLAND PRICES
650 _aINVESTORS
650 _aFOOT-AND-MOUTH DISEASE
650 _aLAND PRICES
650 _aPROPERTY-RURAL AND NATURAL ASSETS-AGRICULTURAL PROPERTY-AGRICULTURAL LAND-ARABLE LAND
690 _aRural
_96268
942 _n0
999 _c69402
_d69402